000 002350000a22000970004500
100 1 _aKaufman, Matt
245 1 0 _aDepopulation bome
300 _aVol.21, núm.8 (August, 1999), Páginas 30-33
773 0 _tMission Frontiers
942 _cANA
999 _c60331
_d60331